Statistics for Literary Terms - K

Click here to take the quiz!

General Stats

  • This quiz has been taken 6 times
  • The average score is 5 of 8

Answer Stats

HintAnswer% Correct
Characteristic of the style, tone and attitudes of the writer of Metamorphosis (1883-1924)Kafkaesque
100%
A type of popular Japanese drama based on popular legends and mythsKabuki
75%
A term which applies to plays which showed aspects of working class life in the 1950s. It derives from the fact that play centred, metaphorically on a certain household applianceKitchen-sink drama
75%
A pejorative term for art objects which are gaudy, sentimental and often mass-produced for mass consumption. Literally meaning in German 'to throw together'Kitsch
75%
'English as it should be spoken'King's English
50%
Denotes a sense of movement or muscular effort. A sense of movement and effort is inherent in the rhythm, momentum and energy of words in such an imageKinaesthetic Image
25%
In classical Greek drama, a type of lyric in dialogue form sung by the Chorus to express profound emotionKommos
25%
A novel which has an artist (in any art) as the central character and which shows their deveopment from childhood to maturity and laterKunstlerroman
25%

Score Distribution

Percentile by Number Answered

Percent of People with Each Score

Your Score History

You have not taken this quiz